书目信息 |
| 题名: |
管理科学研究模型与方法
|
|
| 作者: | 赵晓毅 著 | |
| 分册: | ||
| 出版信息: | 长春 吉林出版集团股份有限公司 2017.09 |
|
| 页数: | 268页 | |
| 开本: | 24cm | |
| 丛书名: | ||
| 单 册: | ||
| 中图分类: | C93-03 , C93 | |
| 科图分类: | ||
| 主题词: | 管理学--研究方法 | |
| 电子资源: | ||
| ISBN: | 978-7-5581-3585-9 | |
| 000 | 00786nam0 2200229 450 | |
| 001 | 77 | |
| 005 | 20180920171503.24 | |
| 010 | @a978-7-5581-3585-9@dCNY62.00 | |
| 100 | @a20180513d2017 em y0chiy50 ea | |
| 101 | 0 | @achi |
| 102 | @aCN@b220000 | |
| 105 | @ay z 000yy | |
| 200 | 1 | @a管理科学研究模型与方法@9guan li ke xue yan jiu mo xing yu fang fa@f赵晓毅著 |
| 210 | @a长春@c吉林出版集团股份有限公司@d2017.09 | |
| 215 | @a268页@d24cm | |
| 330 | @a本书选取了管理科学研究领域里常用的一些定量模型与方法,如决策方法、预测方法、仿真方法、博弈论、系统动力学、结构方程模型、灰色系统理论等,并对其进行了阐释。 | |
| 606 | 0 | @a管理学@x研究方法 |
| 690 | @aC93-03@v5 | |
| 690 | @aC93@v4 | |
| 701 | 0 | @a赵晓毅@9zhao xiao yi@4著 |
| 801 | 0 | @aCN@b91MARC@c20180513 |
| 905 | @aMuseLib@dC93@e760 | |
| 管理科学研究模型与方法/赵晓毅著.-长春:吉林出版集团股份有限公司,2017.09 |
| 268页;24cm |
| ISBN 978-7-5581-3585-9:CNY62.00 |
| 本书选取了管理科学研究领域里常用的一些定量模型与方法,如决策方法、预测方法、仿真方法、博弈论、系统动力学、结构方程模型、灰色系统理论等,并对其进行了阐释。 |
| ● |
| 相关链接 |
|
|
|
|
正题名:管理科学研究模型与方法
索取号:C93/760
 
预约/预借
| 序号 | 登录号 | 条形码 | 馆藏地/架位号 | 状态 | 备注 |
| 1 | 1118124 | 211181246 | 第一样本阅览室/ [索取号:C93/760] | 在馆 | |
| 2 | 1118125 | 211181255 | 第一借阅区/ [索取号:C93/760] | 在馆 | |
| 3 | 1118126 | 211181264 | 第一借阅区/ [索取号:C93/760] | 在馆 | |
| 4 | 1118127 | 211181273 | 第一借阅区/ [索取号:C93/760] | 在馆 | |
| 5 | 1118128 | 211181282 | 第一借阅区/ [索取号:C93/760] | 在馆 |